[Event "DEM U18w 2008"]
[Site "Willingen GER"]
[Date "2008.05.11"]
[Round "2"]
[White "Karmann, Anna"]
[Black "Franzenburg, Maria"]
[Result "1-0"]
[Termination "normal"]
[Board "10"]
[WhiteElo "1891"]
[BlackElo "1826"]
[PlyCount "77"]
[WhiteFideId "24648000"]
[BlackFideId "24667102"]
[EventCountry "GER"]
[EventRounds "9"]
[EventType "swiss"]
[EventDate "2008.05.10"]

1. c4 e5 2. g3 f5 3. Bg2 Nf6 4. d3 g6 5. Nc3 Bg7 6. e3 O-O 7. Nge2 d6 8. O-O c6
9. f4 Be6 10. Rb1 Nbd7 11. b3 Rb8 12. Ba3 c5 13. b4 b6 14. b5 Re8 15. Qd2 Nf8
16. Rfd1 Bf7 17. Bc6 Re7 18. Bb2 Qc7 19. a4 a5 20. h3 Rd8 21. Qc1 Be8 22. Nd5
Nxd5 23. Bxd5+ Bf7 24. Nc3 Qb8 25. Bxf7+ Kxf7 26. Nd5 Ree8 27. e4 Ne6 28. Rf1
Nd4 29. Bxd4 exd4 30. exf5 gxf5 31. Re1 Bf6 32. Rb2 Rg8 33. Kf2 Rg7 34. Rbe2
Rdg8 35. Nxf6 Kxf6 36. Re6+ Kf7 37. Re7+ Kg6 38. R1e6+ Kh5 39. Qd1+ 1-0

[Event "DEM U18w 2008"]
[Site "Willingen GER"]
[Date "2008.05.11"]
[Round "2"]
[White "Herbold, Nora Marina"]
[Black "van Orsouw, Svenja"]
[Result "0-1"]
[Termination "normal"]
[Board "11"]
[WhiteElo "1674"]
[BlackElo "1645"]
[PlyCount "118"]
[WhiteFideId "4624548"]
[BlackFideId "24677124"]
[EventCountry "GER"]
[EventRounds "9"]
[EventType "swiss"]
[EventDate "2008.05.10"]

1. e4 c5 2. Nf3 Nc6 3. d4 cxd4 4. Nxd4 Nf6 5. Nc3 e5 6. Ndb5 d6 7. Bg5 a6 8.
Na3 b5 9. Nd5 Be7 10. Bxf6 Bxf6 11. c3 O-O 12. Nc2 Bg5 13. a4 bxa4 14. Rxa4 a5
15. Bc4 Rb8 16. b3 Ne7 17. Nce3 Nxd5 18. Nxd5 Bd7 19. Ra2 Kh8 20. h4 Bh6 21. g4
Bf4 22. Qe2 Be6 23. g5 Bxd5 24. Bxd5 Qc7 25. Bc4 Rfc8 26. Rg1 Rxb3 27. Bxb3
Qxc3+ 28. Kf1 Qh3+ 29. Ke1 Qxb3 30. Qb2 Rc1+ 31. Ke2 Qc4+ 32. Kf3 Qd3+ 33. Kg2
Qxe4+ 34. f3 Rxg1+ 35. Kxg1 Qe1+ 36. Kg2 Qg3+ 37. Kf1 Qxf3+ 38. Kg1 Qd1+ 39.
Kg2 Qd5+ 40. Kf2 h6 41. Qc2 Qc5+ 42. Qxc5 dxc5 43. Rxa5 hxg5 44. hxg5 Bxg5 45.
Rxc5 Bf4 46. Rc3 Kh7 47. Rh3+ Kg6 48. Rh4 f5 49. Rh1 e4 50. Rb1 Kg5 51. Rg1+
Kf6 52. Rb1 g6 53. Rb6+ Kg5 54. Ra6 Kh5 55. Ra5 Kg4 56. Ra1 g5 57. Rg1+ Kh3 58.
Rh1+ Bh2 59. Ra1 f4 0-1

[Event "DEM U18w 2008"]
[Site "Willingen GER"]
[Date "2008.05.11"]
[Round "2"]
[White "Lorenz, Nicole"]
[Black "Pahlau, Janine"]
[Result "1-0"]
[Termination "normal"]
[Board "12"]
[WhiteElo "1824"]
[BlackElo "1187"]
[PlyCount "79"]
[WhiteFideId "24623709"]
[EventCountry "GER"]
[EventRounds "9"]
[EventType "swiss"]
[EventDate "2008.05.10"]

1. e4 e5 2. Bc4 Nf6 3. d3 Nc6 4. Nf3 Bc5 5. O-O O-O 6. Bb3 d6 7. c3 a6 8. Nbd2
Bd7 9. h3 h6 10. Re1 b5 11. Nf1 Na5 12. Bc2 Bb6 13. Ng3 c6 14. Nh4 d5 15. Nhf5
Bc7 16. Qe2 Re8 17. Be3 Nb7 18. Rad1 Nd6 19. Bc5 Nxf5 20. Nxf5 Bxf5 21. exf5
Nd7 22. Be3 d4 23. Bc1 Qf6 24. Qf3 Re7 25. cxd4 exd4 26. Rxe7 Qxe7 27. Qxc6 Ne5
28. Qxa8+ Kh7 29. Qe4 f6 30. Bb3 Qd6 31. g3 Nc6 32. Bf4 Ne5 33. Bxe5 fxe5 34.
f6+ Kh8 35. f7 Qf8 36. Qc6 Bd6 37. Qe8 Kh7 38. Rc1 Kg6 39. Qe6+ Kh7 40. Rc8 1-0

[Event "DEM U18w 2008"]
[Site "Willingen GER"]
[Date "2008.05.11"]
[Round "2"]
[White "Stein, Simone"]
[Black "Voss, Janine"]
[Result "0-1"]
[Termination "normal"]
[Board "14"]
[WhiteElo "1416"]
[BlackElo "1869"]
[PlyCount "42"]
[WhiteFideId "24692875"]
[BlackFideId "24677329"]
[EventCountry "GER"]
[EventRounds "9"]
[EventType "swiss"]
[EventDate "2008.05.10"]

1. e4 c5 2. Nf3 d6 3. d4 cxd4 4. Nxd4 Nf6 5. Nc3 Nc6 6. Bc4 g6 7. O-O Bg7 8.
Re1 O-O 9. f3 Qb6 10. Be3 Qxb2 11. Ncb5 Qb4 12. Qe2 Ne5 13. Bb3 Qa5 14. c4 Bd7
15. Bd2 Qb6 16. Kf1 a6 17. Nxd6 Qxd6 18. Be3 Rac8 19. Rac1 Nc6 20. Red1 Qxh2
21. Rc2 Nh5 0-1

[Event "DEM U18w 2008"]
[Site "Willingen GER"]
[Date "2008.05.12"]
[Round "3"]
[White "Jussupow, Ekaterina"]
[Black "Mader, Manuela"]
[Result "1-0"]
[Termination "normal"]
[Board "2"]
[BlackTitle "FM"]
[WhiteElo "2046"]
[BlackElo "2161"]
[PlyCount "57"]
[WhiteFideId "24625400"]
[BlackFideId "24612928"]
[EventCountry "GER"]
[EventRounds "9"]
[EventType "swiss"]
[EventDate "2008.05.10"]

1. d4 Nf6 2. Nc3 g6 3. e4 d6 4. Nf3 Bg7 5. Be3 O-O 6. Qd2 Ng4 7. Bg5 h6 8. Bh4
Nd7 9. h3 Ngf6 10. O-O-O a6 11. e5 Ne8 12. Nd5 g5 13. Nxg5 hxg5 14. Qxg5 f6 15.
Qh5 dxe5 16. dxe5 Nxe5 17. f4 Nd7 18. Bd3 Rf7 19. Bg6 Nd6 20. Rhe1 Kf8 21. Bxf7
Nxf7 22. Nxe7 Qxe7 23. Rxe7 Kxe7 24. Re1+ Kf8 25. Qe2 Nd6 26. Qe7+ Kg8 27. Qd8+
Bf8 28. Qxc7 b5 29. Re6 1-0

[Event "DEM U18w 2008"]
[Site "Willingen GER"]
[Date "2008.05.12"]
[Round "3"]
[White "Mucha, Annegret"]
[Black "Vollak, Marleen"]
[Result "1/2-1/2"]
[Termination "normal"]
[Board "3"]
[WhiteTitle "CM"]
[WhiteElo "1945"]
[BlackElo "1858"]
[PlyCount "126"]
[WhiteFideId "24622788"]
[BlackFideId "24624233"]
[EventCountry "GER"]
[EventRounds "9"]
[EventType "swiss"]
[EventDate "2008.05.10"]

1. Nc3 c5 2. e4 Nc6 3. Bb5 Nd4 4. Bc4 e6 5. Nf3 d6 6. Nxd4 cxd4 7. Ne2 Qb6 8.
d3 g6 9. O-O Bg7 10. Bb3 Ne7 11. Bg5 Nc6 12. f4 Bd7 13. Kh1 Na5 14. f5 Nxb3 15.
axb3 gxf5 16. exf5 e5 17. Ng3 f6 18. Bh4 Ke7 19. Nh5 Rhg8 20. Nxg7 Rxg7 21. Qh5
Qc6 22. Rf2 Rag8 23. Rg1 Rf7 24. h3 b6 25. Kh2 d5 26. g4 e4 27. Re2 Qd6+ 28.
Bg3 Qc6 29. Qh6 Kd8 30. Qf4 Re8 31. dxe4 Rxe4 32. Qf2 Rfe7 33. Rge1 Qc5 34. Bh4
Qc7+ 35. Kg1 Qd6 36. g5 Rxe2 37. Rxe2 Rxe2 38. Qxe2 fxg5 39. Bxg5+ Kc8 40. Qf3
Qe5 41. c3 Qxf5 42. Qxf5 Bxf5 43. h4 dxc3 44. bxc3 a5 45. Kf2 Bc2 46. b4 a4 47.
Bc1 Kd7 48. Ke3 h5 49. Kd4 Bb3 50. Ke5 Kc6 51. Bb2 Kb5 52. Kd4 Bc4 53. Ba3 Ba2
54. Bb2 Kc6 55. Ke5 Kd7 56. Bc1 Ke7 57. Ba3 Bc4 58. Bb2 Kf7 59. Bc1 Ke7 60. Ba3
Kd7 61. Bb2 Kc6 62. Bc1 Kb5 63. Kd4 Kc6 1/2-1/2

[Event "DEM U18w 2008"]
[Site "Willingen GER"]
[Date "2008.05.12"]
[Round "3"]
[White "Farokhpey, Sarah"]
[Black "Hingst, Silke"]
[Result "0-1"]
[Termination "normal"]
[Board "4"]
[WhiteElo "1483"]
[BlackElo "1752"]
[PlyCount "72"]
[BlackFideId "4624564"]
[EventCountry "GER"]
[EventRounds "9"]
[EventType "swiss"]
[EventDate "2008.05.10"]

1. d4 f5 2. e4 fxe4 3. Nc3 Nf6 4. Bg5 g6 5. Bxf6 exf6 6. Nxe4 Bg7 7. Nf3 O-O 8.
Be2 Re8 9. Nc3 d6 10. O-O Be6 11. Re1 f5 12. d5 Bf7 13. Qd2 Nd7 14. Nd4 a6 15.
Ne6 Bxe6 16. dxe6 Ne5 17. f4 Nc6 18. Bc4 Kh8 19. a3 Nd4 20. Nd1 d5 21. e7 Qd6
22. Bd3 c6 23. Qe3 Bf6 24. Qf2 Rxe7 25. Rxe7 Qxe7 26. Ne3 Ne6 27. Rb1 Bd4 28.
c3 Bb6 29. Re1 Re8 30. Kf1 Nc7 31. Nxf5 Qxe1+ 32. Qxe1 Rxe1+ 33. Kxe1 gxf5 34.
Bxf5 Ne8 35. Ke2 Nd6 36. g3 Nxf5 0-1

[Event "DEM U18w 2008"]
[Site "Willingen GER"]
[Date "2008.05.12"]
[Round "3"]
[White "Strößner, Lena"]
[Black "Jehle, Anja"]
[Result "1/2-1/2"]
[Termination "normal"]
[Board "5"]
[WhiteElo "1895"]
[BlackElo "1968"]
[PlyCount "149"]
[WhiteFideId "4623525"]
[BlackFideId "24631434"]
[EventCountry "GER"]
[EventRounds "9"]
[EventType "swiss"]
[EventDate "2008.05.10"]

1. Nf3 Nf6 2. d4 g6 3. h3 Bg7 4. Bf4 d6 5. e3 O-O 6. c4 Nbd7 7. Nc3 c6 8. Be2
Qe8 9. O-O e5 10. Bh2 Kh8 11. b4 Ng8 12. Ne4 Qe7 13. dxe5 dxe5 14. c5 f5 15.
Nd6 h6 16. Rc1 g5 17. Kh1 f4 18. Qc2 b5 19. Qe4 Nb8 20. Bd3 Bf6 21. Bxb5 Bd7
22. Bd3 Qg7 23. Nd2 Be6 24. N2c4 Ne7 25. Bb1 Bd5 26. Qd3 Nd7 27. Ne4 Ng6 28.
Ncd6 Nh4 29. Rg1 h5 30. Qd1 Qh6 31. g3 Ng6 32. f3 Be7 33. Rf1 fxe3 34. Bg1 g4
35. Kh2 e2 36. Qxe2 gxf3 37. Qe3 Qxe3 38. Bxe3 h4 39. g4 a5 40. Bd2 axb4 41.
Bxb4 Bxa2 42. Bd3 Bd5 43. Rc2 Nf4 44. Nf2 Nxd3 45. Nxd3 e4 46. Ne1 Bg5 47. Nf5
Kh7 48. Bc3 Bf4+ 49. Kg1 Bb3 50. Rb2 Bc4 51. Rff2 Bg3 52. Rfd2 f2+ 53. Rxf2
Bxf2+ 54. Kxf2 Ra2 55. Ke3 Rxb2 56. Bxb2 Rb8 57. Bd4 Rb3+ 58. Kxe4 Rxh3 59. Kf4
Rh1 60. Nf3 h3 61. Kg3 Bd5 62. Ng5+ Kg6 63. Nxh3 Rc1 64. Ne7+ Kf7 65. Nxd5 cxd5
66. Nf4 Nxc5 67. Nxd5 Ne6 68. Be3 Rd1 69. Nf4 Ng5 70. Nh5 Ne4+ 71. Kf4 Nc3 72.
Bc5 Rd5 73. Be3 Rb5 74. Kf3 Nd5 75. Bd4 1/2-1/2

[Event "DEM U18w 2008"]
[Site "Willingen GER"]
[Date "2008.05.12"]
[Round "3"]
[White "Remy, Janina"]
[Black "Karmann, Anna"]
[Result "1-0"]
[Termination "normal"]
[Board "7"]
[WhiteElo "1963"]
[BlackElo "1891"]
[PlyCount "97"]
[WhiteFideId "24627348"]
[BlackFideId "24648000"]
[EventCountry "GER"]
[EventRounds "9"]
[EventType "swiss"]
[EventDate "2008.05.10"]

1. e4 c6 2. d4 d5 3. exd5 cxd5 4. Bd3 Nc6 5. c3 Nf6 6. Bf4 Bg4 7. Qb3 Qd7 8.
Nd2 e6 9. Ngf3 Bxf3 10. Nxf3 Bd6 11. Bxd6 Qxd6 12. O-O O-O 13. Rae1 Rfc8 14.
Ne5 Rab8 15. f4 Ne8 16. f5 Rc7 17. Qd1 exf5 18. Bxf5 g6 19. Bb1 Re7 20. Qf3 f6
21. Ng4 Rxe1 22. Rxe1 Kf7 23. Qh3 h5 24. Qd3 Ne7 25. Nf2 f5 26. Nh3 Qf6 27. Qe3
Nc6 28. Nf4 Nc7 29. Qf3 Rd8 30. Bc2 Na5 31. Bb3 Nxb3 32. axb3 Rd7 33. Re5 Re7
34. Nxd5 Nxd5 35. Qxd5+ Kg7 36. Qc5 Rf7 37. Re1 b6 38. Qe5 f4 39. Qxf6+ Kxf6
40. Kf2 Rd7 41. Kf3 g5 42. Re5 Kg6 43. h3 Kf6 44. Ke4 Kg6 45. d5 Kf6 46. Re6+
Kf7 47. c4 Rd8 48. Kf5 Rg8 49. Rh6 1-0

[Event "DEM U18w 2008"]
[Site "Willingen GER"]
[Date "2008.05.12"]
[Round "3"]
[White "van Orsouw, Svenja"]
[Black "Erben, Larissa"]
[Result "1-0"]
[Termination "normal"]
[Board "8"]
[WhiteElo "1645"]
[BlackElo "1942"]
[PlyCount "175"]
[WhiteFideId "24677124"]
[BlackFideId "24634590"]
[EventCountry "GER"]
[EventRounds "9"]
[EventType "swiss"]
[EventDate "2008.05.10"]

1. e4 c5 2. Nf3 e6 3. c3 Nf6 4. e5 Nd5 5. d4 cxd4 6. cxd4 b6 7. Bc4 Bb7 8. O-O
Na6 9. Ng5 f5 10. Nxe6 dxe6 11. Qa4+ Kf7 12. Bxa6 Bxa6 13. Qxa6 Nb4 14. Qb7+
Be7 15. Nc3 Rb8 16. Qxa7 Qxd4 17. Bg5 Nc6 18. Be3 Qxe5 19. Qa4 b5 20. Qc2 Nd4
21. Bxd4 Qxd4 22. Ne2 Qc4 23. Rfc1 Rhc8 24. Qd2 Rd8 25. Qxd8 Rxd8 26. Rxc4 bxc4
27. Nc3 Rd2 28. Nd1 Bb4 29. a4 f4 30. Kf1 Ba5 31. Rb1 Rc2 32. b4 cxb3 33. Rxb3
Ra2 34. Nb2 Ra1+ 35. Ke2 Rb1 36. Rb5 Bd8 37. Nd3 Rxb5 38. axb5 Bc7 39. Kf3 e5
40. Ke4 Ke6 41. f3 g6 42. Nb2 Kd6 43. Nc4+ Ke6 44. b6 Bb8 45. Nb2 Kd6 46. Nd3
Kc6 47. Nxe5+ Kd6 48. Nd3 Kc6 49. Nxf4 Kxb6 50. h4 Kc6 51. h5 gxh5 52. Nxh5 Kd6
53. Kf5 Ba7 54. Nf6 h6 55. Ng4 h5 56. Nf6 h4 57. Ne4+ Kd5 58. Kg4 Ke5 59. Kxh4
Kf5 60. Nc3 Bf2+ 61. Kh3 Bc5 62. Ne2 Ke5 63. Ng3 Kf4 64. Nh5+ Kg5 65. g4 Be7
66. f4+ Kg6 67. Kg3 Bd6 68. Kf3 Bc7 69. Ke4 Bd6 70. Ng3 Kf6 71. g5+ Kg6 72. Nf5
Bb4 73. Nd4 Bd2 74. Nf3 Bc1 75. Ne5+ Kg7 76. Kf5 Be3 77. Nc6 Bc1 78. Nd8 Bd2
79. Ne6+ Kf7 80. g6+ Kg8 81. Kg5 Bc1 82. Kh5 Bd2 83. f5 Bc3 84. Kg5 Bd2+ 85.
Nf4 Kf8 86. f6 Kg8 87. Kf5 Bc3 88. f7+ 1-0

[Event "DEM U18w 2008"]
[Site "Willingen GER"]
[Date "2008.05.12"]
[Round "3"]
[White "Günnigmann, Laura"]
[Black "Lorenz, Nicole"]
[Result "0-1"]
[Termination "normal"]
[Board "9"]
[WhiteElo "1833"]
[BlackElo "1824"]
[PlyCount "90"]
[BlackFideId "24623709"]
[EventCountry "GER"]
[EventRounds "9"]
[EventType "swiss"]
[EventDate "2008.05.10"]

1. e4 c5 2. Nf3 Nc6 3. d4 cxd4 4. Nxd4 Nf6 5. Nc3 d6 6. f3 e5 7. Nb3 Be7 8. Be3
Be6 9. Qd2 d5 10. exd5 Nxd5 11. Nxd5 Qxd5 12. Qxd5 Bxd5 13. O-O-O O-O-O 14. Bd3
Be6 15. Nc5 Bxc5 16. Bxc5 b6 17. Be4 Kc7 18. Ba3 Nd4 19. Rd2 f5 20. Bd3 Bxa2
21. Rhd1 Bf7 22. Bb4 Rhe8 23. Bc3 g6 24. Ba6 Nc6 25. Bb5 Rxd2 26. Rxd2 e4 27.
fxe4 Rxe4 28. Re2 Rxe2 29. Bxe2 Bd5 30. g3 Kd6 31. Kd2 Ke6 32. Ke3 g5 33. Bd3
Ne5 34. Bb4 Bc4 35. Be2 Bxe2 36. Kxe2 f4 37. gxf4 gxf4 38. Bd2 Kf5 39. h3 Ke4
40. Kf2 Nc4 41. Bc1 Ne3 42. c3 Kd3 43. h4 Kc2 44. Bxe3 fxe3+ 45. Kxe3 Kxb2 0-1

[Event "DEM U18w 2008"]
[Site "Willingen GER"]
[Date "2008.05.12"]
[Round "3"]
[White "Voss, Janine"]
[Black "Zemella, Jennifer"]
[Result "1/2-1/2"]
[Termination "normal"]
[Board "10"]
[WhiteElo "1869"]
[BlackElo "2000"]
[PlyCount "32"]
[WhiteFideId "24677329"]
[BlackFideId "24636096"]
[EventCountry "GER"]
[EventRounds "9"]
[EventType "swiss"]
[EventDate "2008.05.10"]

1. e4 e5 2. Nf3 d6 3. d4 exd4 4. Nxd4 Nf6 5. Nc3 Be7 6. Be2 O-O 7. O-O Nc6 8.
Re1 Re8 9. Bf1 Nd7 10. Nf5 Bf8 11. Nd5 Nb6 12. Ng3 Nxd5 13. exd5 Rxe1 14. Qxe1
Ne5 15. Bf4 Ng6 16. Bd2 c6 1/2-1/2

[Event "DEM U18w 2008"]
[Site "Willingen GER"]
[Date "2008.05.12"]
[Round "3"]
[White "Benzen, Marthe"]
[Black "Breitwieser, Jasmin"]
[Result "0-1"]
[Termination "normal"]
[Board "11"]
[WhiteElo "1829"]
[BlackElo "1506"]
[PlyCount "90"]
[WhiteFideId "24647764"]
[BlackFideId "24601705"]
[EventCountry "GER"]
[EventRounds "9"]
[EventType "swiss"]
[EventDate "2008.05.10"]

1. e4 c5 2. Nf3 e6 3. d4 cxd4 4. Nxd4 Nf6 5. Nc3 d6 6. g4 h6 7. Rg1 Nc6 8. h4
h5 9. g5 Ng4 10. Be2 Qb6 11. Bxg4 Qxd4 12. Qxd4 Nxd4 13. Bd1 Bd7 14. Be3 Nb5
15. Nxb5 Bxb5 16. Bd4 b6 17. Bf3 O-O-O 18. O-O-O Bc6 19. Bc3 Rd7 20. Rd2 Rg8
21. Rgd1 Kc7 22. Be2 g6 23. f4 Be7 24. a3 Rgd8 25. b4 Kb8 26. Rd4 Rc8 27. Kb2
Rdc7 28. R4d3 Bb5 29. Re3 Bc6 30. Bf3 Rd7 31. Kb3 Rcd8 32. Red3 Bb5 33. R3d2
Rc8 34. a4 Bxa4+ 35. Kxa4 Rxc3 36. Bg2 Rdc7 37. Rc1 R3c4 38. Kb3 d5 39. c3 dxe4
40. Bf1 R4c6 41. c4 Rd6 42. Rdc2 Rd4 43. Kc3 Rcd7 44. Be2 e3 45. Bf3 Rxf4 0-1

[Event "DEM U18w 2008"]
[Site "Willingen GER"]
[Date "2008.05.12"]
[Round "3"]
[White "Nekrassova, Ekatherina"]
[Black "Weiß, Katharina"]
[Result "1/2-1/2"]
[Termination "normal"]
[Board "12"]
[WhiteElo "1784"]
[BlackElo "1653"]
[PlyCount "65"]
[WhiteFideId "24636266"]
[BlackFideId "24692859"]
[EventCountry "GER"]
[EventRounds "9"]
[EventType "swiss"]
[EventDate "2008.05.10"]

1. e4 c5 2. Nc3 Nc6 3. f4 d6 4. Nf3 g6 5. Bc4 Bg7 6. O-O e6 7. d3 Nge7 8. Qe1
O-O 9. Qh4 Nd4 10. Nxd4 Bxd4+ 11. Kh1 Nc6 12. Qg3 a6 13. f5 Be5 14. Bf4 b5 15.
Bb3 Bxf4 16. Rxf4 Nd4 17. f6 e5 18. Rf2 Ne6 19. Nd5 Ra7 20. Qe3 Kh8 21. Raf1
Rg8 22. Qh3 Qf8 23. Qh4 g5 24. Qg3 Qh6 25. Ne7 Nf4 26. Nxg8 Kxg8 27. Qe3 Be6
28. Bxe6 Nxe6 29. g3 Qg6 30. h4 h6 31. Rh2 g4 32. Rf5 Nd4 33. Rf1 1/2-1/2

[Event "DEM U18w 2008"]
[Site "Willingen GER"]
[Date "2008.05.12"]
[Round "3"]
[White "Pahlau, Janine"]
[Black "Herbold, Nora Marina"]
[Result "0-1"]
[Termination "normal"]
[Board "13"]
[WhiteElo "1187"]
[BlackElo "1674"]
[PlyCount "120"]
[BlackFideId "4624548"]
[EventCountry "GER"]
[EventRounds "9"]
[EventType "swiss"]
[EventDate "2008.05.10"]

1. e4 c5 2. Nc3 Nc6 3. Nf3 e6 4. Bb5 Nd4 5. d3 g6 6. Be3 Bg7 7. O-O Ne7 8. Re1
O-O 9. e5 a6 10. Ba4 b5 11. Bb3 Nec6 12. Bd2 d5 13. a4 c4 14. Nxd4 Nxd4 15. Ba2
Qb6 16. Bf4 b4 17. Ne2 b3 18. cxb3 cxb3 19. Nxd4 Qxd4 20. Be3 Qxb2 21. Qxb3
Qxb3 22. Bxb3 Bxe5 23. Bc5 Bxa1 24. Bxf8 Kxf8 25. Rxa1 Bd7 26. f4 Rc8 27. g3
Rc3 28. Bd1 a5 29. Be2 Ke7 30. h4 f6 31. Kf2 e5 32. fxe5 fxe5 33. Ke3 Kf6 34.
Rb1 Rc7 35. Bd1 Ke7 36. Rb2 Rc6 37. Rb7 Rc1 38. Kd2 Rc5 39. g4 Kd6 40. g5 e4
41. Rb8 exd3 42. Rh8 Ke5 43. Rxh7 Bf5 44. h5 Kf4 45. Ke1 Kxg5 46. Kd2 Rc8 47.
Ke3 Rc1 48. Kd2 Ra1 49. Rh8 Ra2+ 50. Kc3 Rh2 51. Kd4 gxh5 52. Kxd5 d2 53. Ke5
Rh1 54. Rg8+ Bg6 55. Bf3 Re1+ 56. Kd4 d1=Q+ 57. Bxd1 Rxd1+ 58. Kc5 Rb1 59. Rd8
Rb4 60. Rd5+ Kh6 0-1

[Event "DEM U18w 2008"]
[Site "Willingen GER"]
[Date "2008.05.12"]
[Round "3"]
[White "Franzenburg, Maria"]
[Black "Stein, Simone"]
[Result "1/2-1/2"]
[Termination "normal"]
[Board "14"]
[WhiteElo "1826"]
[BlackElo "1416"]
[PlyCount "24"]
[WhiteFideId "24667102"]
[BlackFideId "24692875"]
[EventCountry "GER"]
[EventRounds "9"]
[EventType "swiss"]
[EventDate "2008.05.10"]

1. e4 c5 2. c3 d5 3. exd5 Qxd5 4. d4 Nf6 5. Nf3 Bg4 6. Be2 Nc6 7. Be3 cxd4 8.
Nxd4 Bxe2 9. Qxe2 Qxg2 10. Rf1 Ng4 11. Nb5 Rc8 12. Bf4 e6 1/2-1/2

[Event "DEM U18w 2008"]
[Site "Willingen GER"]
[Date "2008.05.13"]
[Round "4"]
[White "Hannes, Diana"]
[Black "Jussupow, Ekaterina"]
[Result "1-0"]
[Termination "normal"]
[Board "1"]
[WhiteElo "1976"]
[BlackElo "2046"]
[PlyCount "117"]
[WhiteFideId "24611344"]
[BlackFideId "24625400"]
[EventCountry "GER"]
[EventRounds "9"]
[EventType "swiss"]
[EventDate "2008.05.10"]

1. d4 Nf6 2. c4 e6 3. Nc3 d5 4. cxd5 exd5 5. Bg5 Be7 6. e3 O-O 7. Qc2 Nbd7 8.
Bd3 Re8 9. Nge2 Nf8 10. O-O c6 11. f3 Be6 12. Rad1 Rc8 13. Qd2 h6 14. Bh4 Ne4
15. Nxe4 Bxh4 16. Nc5 Qe7 17. Ng3 Bxg3 18. hxg3 b6 19. Nxe6 Nxe6 20. Rfe1 c5
21. Bf5 Rcd8 22. Bxe6 fxe6 23. Kf2 e5 24. dxe5 Qxe5 25. Qc3 Qg5 26. b4 d4 27.
exd4 Rxe1 28. Qxe1 cxd4 29. Qe6+ Kh8 30. Qe4 Qf6 31. Qf4 Qe6 32. Rxd4 Qxa2+ 33.
Ke3 Qb3+ 34. Ke2 Qb2+ 35. Kd3 Rc8 36. Ke4 Qe2+ 37. Kd5 Qb5+ 38. Ke6 Qe8+ 39.
Kf5 g6+ 40. Kf6 Qc6+ 41. Qd6 Qb5 42. Qe5 Rc6+ 43. Rd6 Rxd6+ 44. Qxd6 Qf5+ 45.
Ke7 Kg7 46. Qd4+ Kh7 47. g4 Qc8 48. b5 Qc5+ 49. Qd6 Qxb5 50. Kd8 Qg5+ 51. Ke8
Qe3+ 52. Kd8 a5 53. Qd7+ Kh8 54. Qd6 Kg7 55. f4 Qc5 56. Qd7+ Kf6 57. Ke8 Qe3+
58. Kf8 Qxf4 59. Qe7# 1-0

[Event "DEM U18w 2008"]
[Site "Willingen GER"]
[Date "2008.05.13"]
[Round "4"]
[White "Hingst, Silke"]
[Black "Mucha, Annegret"]
[Result "1-0"]
[Termination "normal"]
[Board "2"]
[BlackTitle "CM"]
[WhiteElo "1752"]
[BlackElo "1945"]
[PlyCount "93"]
[WhiteFideId "4624564"]
[BlackFideId "24622788"]
[EventCountry "GER"]
[EventRounds "9"]
[EventType "swiss"]
[EventDate "2008.05.10"]

1. e4 c5 2. c3 d6 3. d4 Qc7 4. h3 Nf6 5. Bd3 e5 6. dxe5 dxe5 7. Be3 Be7 8. Nf3
O-O 9. O-O Rd8 10. Qe2 b6 11. Nbd2 Bb7 12. Rfd1 Nbd7 13. Nh2 a6 14. Bc2 b5 15.
c4 b4 16. Ng4 Ne8 17. Nf3 f6 18. Bc1 Nf8 19. Ne3 Ng6 20. Nd5 Qc6 21. Nh4 Kf7
22. Qh5 Kf8 23. Nxg6+ hxg6 24. Qxg6 Qe6 25. Rd3 Qf7 26. Qh7 Bxd5 27. exd5 f5
28. Rg3 f4 29. Rf3 Bd6 30. Bg6 Nf6 31. Qh8+ Qg8 32. Qh4 a5 33. a3 Be7 34. Qg5
Nxd5 35. Qxe5 Bf6 36. Qe4 Ne7 37. Bh5 g6 38. Rxf4 Kg7 39. Be2 Ra7 40. Bg4 Rc7
41. Rb1 Nc6 42. Rxf6 Re8 43. Qxg6+ Kh8 44. Rxc6 Re1+ 45. Kh2 Rxc6 46. Qxc6 Qb8+
47. g3 1-0

[Event "DEM U18w 2008"]
[Site "Willingen GER"]
[Date "2008.05.13"]
[Round "4"]
[White "Mader, Manuela"]
[Black "Ohme, Melanie"]
[Result "0-1"]
[Termination "normal"]
[Board "3"]
[WhiteTitle "FM"]
[BlackTitle "FM"]
[WhiteElo "2161"]
[BlackElo "2248"]
[PlyCount "114"]
[WhiteFideId "24612928"]
[BlackFideId "4690745"]
[EventCountry "GER"]
[EventRounds "9"]
[EventType "swiss"]
[EventDate "2008.05.10"]

1. Nf3 Nf6 2. c4 e6 3. d4 b6 4. g3 Ba6 5. b3 Bb4+ 6. Bd2 Be7 7. Nc3 d5 8. Bg2
c6 9. cxd5 cxd5 10. Ne5 O-O 11. O-O Bd6 12. f4 Ne8 13. Rc1 Nc7 14. Be3 Nd7 15.
Qd2 Nxe5 16. fxe5 Bb4 17. Bg5 Qd7 18. a4 Rfc8 19. Qe3 Ne8 20. Na2 Bf8 21. Qf2
Rxc1 22. Nxc1 Rc8 23. Bf3 Rc2 24. h4 Qc7 25. Bh5 g6 26. Bg4 Ba3 27. Qf4 Ng7 28.
Bh6 Bxc1 29. Rxc1 Rxc1+ 30. Qxc1 Qxc1+ 31. Bxc1 h5 32. Bh3 Bxe2 33. Bd2 Bd1 34.
a5 Bxb3 35. axb6 axb6 36. Kf2 Bd1 37. Ke3 Kf8 38. Kf4 Ke7 39. Bb4+ Kd7 40. Bf1
Ba4 41. Bd3 Kc6 42. Kg5 Ne8 43. Be2 Bc2 44. g4 hxg4 45. Kxg4 Ng7 46. Kg5 Nf5
47. h5 gxh5 48. Bxh5 Nxd4 49. Bxf7 Bf5 50. Kf6 Kd7 51. Bh5 Nc2 52. Bd2 b5 53.
Be2 Kc6 54. Bd1 Na3 55. Bb4 Nc4 56. Bh5 d4 57. Bf3+ Kd7 0-1

[Event "DEM U18w 2008"]
[Site "Willingen GER"]
[Date "2008.05.13"]
[Round "4"]
[White "Vollak, Marleen"]
[Black "Zikeli, Saskia"]
[Result "1/2-1/2"]
[Termination "normal"]
[Board "4"]
[WhiteElo "1858"]
[BlackElo "2053"]
[PlyCount "105"]
[WhiteFideId "24624233"]
[BlackFideId "24601543"]
[EventCountry "GER"]
[EventRounds "9"]
[EventType "swiss"]
[EventDate "2008.05.10"]

1. e4 c5 2. Nf3 d6 3. d4 cxd4 4. Nxd4 Nf6 5. Nc3 a6 6. Be3 e5 7. Nf3 Be6 8. Ng5
b5 9. Be2 Bc4 10. O-O h6 11. Nf3 Nbd7 12. Nd2 Be6 13. f4 exf4 14. Bxf4 b4 15.
Na4 Qa5 16. c3 bxc3 17. bxc3 Ne5 18. Be3 Nfd7 19. Nf3 Be7 20. Nd4 O-O 21. Nf5
Bxf5 22. exf5 Bf6 23. Bd4 Rab8 24. Qc2 Rfe8 25. Nb2 Nb6 26. Nd3 Nd5 27. Nf4
Nxf4 28. Rxf4 Qa3 29. Rb1 Rxb1+ 30. Qxb1 Nd7 31. Bd3 Bxd4+ 32. cxd4 Qc3 33. Re4
Rb8 34. Qd1 d5 35. Re7 Qxd4+ 36. Kf1 Nf6 37. Bc2 Qc5 38. Re2 Ng4 39. Qd3 Rb4
40. Re8+ Kh7 41. Qd2 Nxh2+ 42. Ke2 Rg4 43. f6+ Re4+ 44. Bxe4+ dxe4 45. Rxe4
Qh5+ 46. Kd3 Qd5+ 47. Rd4 Qf5+ 48. Kc4 Qxf6 49. Rd6 Qh4+ 50. Qd4 Qg5 51. Qe4+
f5 52. Qd4 Ng4 53. Kb4 1/2-1/2

[Event "DEM U18w 2008"]
[Site "Willingen GER"]
[Date "2008.05.13"]
[Round "4"]
[White "Lorenz, Nicole"]
[Black "Remy, Janina"]
[Result "1/2-1/2"]
[Termination "normal"]
[Board "5"]
[WhiteElo "1824"]
[BlackElo "1963"]
[PlyCount "39"]
[WhiteFideId "24623709"]
[BlackFideId "24627348"]
[EventCountry "GER"]
[EventRounds "9"]
[EventType "swiss"]
[EventDate "2008.05.10"]

1. e4 c6 2. d4 d5 3. e5 c5 4. f4 Nc6 5. dxc5 e6 6. Be3 d4 7. Bf2 Bxc5 8. c3
dxc3 9. Qxd8+ Kxd8 10. Nxc3 Bxf2+ 11. Kxf2 Nh6 12. Rd1+ Ke7 13. Nf3 f6 14.
exf6+ gxf6 15. h3 Nf7 16. f5 Nfe5 17. fxe6 Bxe6 18. Nd5+ Bxd5 19. Rxd5 Rad8 20.
Rxd8 1/2-1/2